| 000 | 01154cam a2200301 i 4500 | ||
|---|---|---|---|
| 999 |
_c5284 _d5284 |
||
| 001 | vtls000539004 | ||
| 003 | NUKAT | ||
| 005 | 20181203140446.0 | ||
| 008 | 050905s1980 ru |001 0 rusoc | ||
| 035 | _azz2005810459 | ||
| 039 | 9 |
_a201312021529 _bkopuewr _c201011020125 _dVLOAD _c201010291414 _dmaza _c201010281518 _dkopumk |
|
| 040 |
_aWA U/80ACH _cWA U/ACH _dWA U/MW _dWA U/80HRs _dWA U/AEM |
||
| 041 | 1 |
_arus _heng |
|
| 100 | 1 |
_aForsythe, George Elmer _d(1917- ). |
|
| 240 | 1 | 0 |
_aComputer methods for mathematical computations _l(ros.) |
| 245 | 1 | 0 |
_aMašinnye metody matematičeskih vyčislenij / _cDž. Forsajt, M. Mal'kol'm, K. Mouler ; perevod s angl. H. D. Ikramova. |
| 260 |
_aMoskva : _bMir, _c1980. |
||
| 300 |
_a279, [1] s. ; _c22 cm. |
||
| 504 | _aBibliogr. s. 271-275. Indeks. | ||
| 650 | _aAnaliza numeryczna. | ||
| 700 | 1 | _aMalcolm, Michael A. | |
| 700 | 1 |
_aMoler, Cleve _d(1939- ). |
|
| 700 | 1 |
_aIkramov, Hakim Dadadžanovič _d(1943- ). _eTł. |
|
| 942 |
_2ddc _cBK |
||